A historical look at the establishment of the Department of Veterans Affairs Research & Development Program /

Bibliographic Details
Main Author: Hays, Marguerite T. (Author)
Format: Government Document eBook
Language:English
Published: Baltimore, MD : Veterans Health Administration, Research, Development, [2010]
Subjects:
Online Access:https://purl.fdlp.gov/GPO/gpo37496

MARC

Tag First Indicator Second Indicator Subfields
LEADER 00000cam a2200000Ii 4500
001 in00003273521
005 20211120171321.0
006 m o d f
007 cr mn|||||||||
008 130617s2010 mdua ob f001 0 eng d
035 |a (OCoLC)ocn848795231 
040 |a GPO  |b eng  |e rda  |c GPO  |d MvI  |d MvI  |d UtOrBLW 
043 |a n-us--- 
049 |a WWW 
074 |a 0985 (online) 
086 0 |a VA 1.2:H 62 
100 1 |a Hays, Marguerite T.,  |e author. 
245 1 2 |a A historical look at the establishment of the Department of Veterans Affairs Research & Development Program /  |c compiled and written by Marguerite T. Hays. 
246 1 |i At head of title:  |a VA research, improving veterans' lives 
264 1 |a Baltimore, MD :  |b Veterans Health Administration, Research, Development,  |c [2010] 
300 |a 1 online resource (vii, 602 pages) :  |b illustrations 
336 |a text  |b txt  |2 rdacontent 
337 |a computer  |b c  |2 rdamedia 
338 |a online resource  |b cr  |2 rdacarrier 
500 |a Title from title screen (viewed on June 17, 2013). 
504 |a Includes bibliographical references and index. 
610 1 0 |a United States.  |b Department of Veterans Affairs.  |b Research and Development  |x History. 
650 0 |a Veterans  |x Health and hygiene  |x Research  |z United States. 
650 0 |a Veterans  |x Medical care  |x Research  |z United States. 
710 1 |a United States.  |b Veterans Health Administration.  |b Office of Research & Development,  |e issuing body. 
856 4 0 |u https://purl.fdlp.gov/GPO/gpo37496  |t 0 
999 |a MARS 
999 f f |s c21f96fd-d95d-39c1-9478-0753b0b7ec0c  |i 5f01220d-428f-33d7-94ee-564c2216d0bc  |t 0 
952 f f |a Texas A&M University  |b College Station  |c Electronic Resources  |d Available Online  |t 0  |e VA 1.2:H 62  |h Superintendent of Documents classification 
998 f f |a VA 1.2:H 62  |t 0  |l Available Online